Major European governments / (Record no. 9275)
[ view plain ]
| 000 -LEADER | |
|---|---|
| fixed length control field | 01099nam a2200361 4500 |
| 001 - CONTROL NUMBER | |
| JCCL Control Number | 9275 |
| 003 - CONTROL NUMBER IDENTIFIER | |
| JCCL marc code | BD - JhCC |
| 005 - DATE AND TIME OF LATEST TRANSACTION | |
| control field | 20180716180244.0 |
| 008 - FIXED-LENGTH DATA ELEMENTS--GENERAL INFORMATION | |
| fixed length control field | 850617s1986 ilua b 001 0 eng |
| 020 ## - INTERNATIONAL STANDARD BOOK NUMBER | |
| International Standard Book Number | 0256033897 |
| 035 ## - SYSTEM CONTROL NUMBER | |
| system control number | (BD - JhCC)9275 |
| 035 ## - SYSTEM CONTROL NUMBER | |
| system control number | (OCoLC)13336353 |
| 035 ## - SYSTEM CONTROL NUMBER | |
| system control number | GLIS00262485 |
| 040 ## - CATALOGING SOURCE | |
| Original cataloging agency | DLC |
| Transcribing agency | DLC |
| Modifying agency | MYG |
| -- | BD - JhCC |
| 041 ## - LANGUAGE CODE | |
| Language code of Book | eng |
| 050 0# - LIBRARY OF CONGRESS CALL NUMBER | |
| Classification number | JN12 |
| Item number | .D7 1986 |
| 082 ## - DEWEY DECIMAL CLASSIFICATION NUMBER | |
| Author mark and Year | DRA 1986 |
| Classification number | 320.3094 |
| DDC Edition number | 23 |
| 099 ## - LOCAL FREE-TEXT CALL NUMBER | |
| Classification number | JN12.D7 1986 |
| 100 1# - MAIN ENTRY--PERSONAL NAME | |
| Personal name | Dragnich, Alex N. |
| 245 10 - TITLE STATEMENT | |
| Title | Major European governments / |
| Statement of responsibility, etc | Alex N. Dragnich, Jorgen S. Rasmussen. |
| 250 ## - EDITION STATEMENT | |
| Edition statement | 7th ed. |
| 260 ## - PUBLICATION, DISTRIBUTION, ETC. (IMPRINT) | |
| Place of publication, distribution, etc | Chicago, Ill. : |
| Name of publisher, distributor, etc | Dorsey Press, |
| Date of publication, distribution, etc | 1986. |
| 300 ## - PHYSICAL DESCRIPTION | |
| Pagination | xvii, 626, x p. : |
| Other physical details | ill. ; |
| Dimensions | 25 cm. |
| 490 1# - SERIES STATEMENT | |
| Series statement | Dorsey series in political science |
| 504 ## - BIBLIOGRAPHY, ETC. NOTE | |
| Bibliography, etc | Includes bibliographies and index. |
| 650 #0 - SUBJECT ADDED ENTRY--TOPICAL TERM | |
| Topical term or geographic name as entry element | Comparative government. |
| 651 #0 - SUBJECT ADDED ENTRY--GEOGRAPHIC NAME | |
| Geographic name | Europe |
| General subdivision | Politics and government. |
| 700 1# - ADDED ENTRY--PERSONAL NAME | |
| Personal name | Rasmussen, Jorgen Scott. |
| 830 #0 - SERIES ADDED ENTRY--UNIFORM TITLE | |
| Uniform title | Dorsey series in political science. |
| 942 ## - ADDED ENTRY ELEMENTS (KOHA) | |
| Source of classification or shelving scheme | Dewey Decimal Classification |
| Koha item type | Books |
| 949 ## - LOCAL PROCESSING INFORMATION (OCLC) | |
| a | MYGD |
| b | 39080003944748 |
| Source of classification or shelving scheme | Damaged status | Not for loan | Home library | Current library | Shelving location | Total Checkouts | Full call number | Barcode | Date last seen | Copy number | Koha item type |
|---|---|---|---|---|---|---|---|---|---|---|---|
| Dewey Decimal Classification | JCC Rouf Library | JCC Rouf Library | General Stacks | 320.3094 DRA 1986 | 12405 | 03/12/2018 | C - 1 | Books |